000 01246cam a22003617a 4500
003 CHAP
005 20220329142656.0
008 010926d2000 mx r 00110 spa d
010 _a86363
011 _a87335
020 _a9706544895
035 _a97878
040 _cCHAP
082 0 4 _a574.193
_bP7
100 0 0 _aPrado Barragán, Lilia Arely
_eed.
_991259
245 1 0 _aAvances en purificación y aplicación de enzimas en biotecnología
_c/ed. por Lilia Arely Prado Barragán ( y otros)
260 _aMéxico, D.F. :
_bUniversidad Autónoma Metropolitana. Unidad Iztapalapa,
_c1999.
300 _a367 p. :
_bilus.
410 0 0 _aUAM. Unidad Iztapalapa
490 0 _aTópicos en biotecnología
590 _aBATCH-UPD
_b10
_c20130110
_lUCH01
_h0659
590 _aBATCH-UPD
_b10
_c20130410
_lUCH01
_h0345
590 _aBATCH-UPD
_b10
_c20130914
_lUCH01
_h0640
590 _aCONVERSION
_b10
_c20130109
_lUCH01
_h1348
650 1 4 _aBiotecnología.
_912878
650 1 4 _aEnzimas.
_937195
810 0 0 _aUAM. Unidad Iztapalapa
_9115980
830 0 0 _aTópicos en biotecnología
_9113893
901 _aBK
905 _aAlejandra Carrasco M.
942 _cLIBRO
949 _a574.193 P7
_bBC
_cLIBRO
_d33724000878146
_eLIBRO
_h103071
_i97878
_si
_t$ 330.00
999 _c86363
_d86363